State law relating to transportation and texbooks for parochial school students and constitutional protection of religious freedom (Record no. 54782)
[ view plain ]
| 000 -CABECERA | |
|---|---|
| campo de control de longitud fija | 01026nam a2200253 a 4500 |
| 003 - IDENTIFICADOR DEL NÚMERO DE CONTROL | |
| campo de control | MX-MxUPN |
| 005 - FECHA Y HORA DE LA ÚLTIMA TRANSACCIÓN | |
| campo de control | 20230926100251.0 |
| 008 - ELEMENTOS DE LONGITUD FIJA--INFORMACIÓN GENERAL | |
| campo de control de longitud fija | 991125s1966 xxu r 000 0 eng d |
| 035 ## - NÚMERO DE CONTROL DEL SISTEMA | |
| Número de control de sistema | UPN01000054782 |
| 040 ## - FUENTE DE LA CATALOGACIÓN | |
| Centro catalogador/agencia de origen | MX-MxUPN |
| Lengua de catalogación | spa |
| Centro/agencia transcriptor | MX-MxUPN |
| 041 0# - CÓDIGO DE IDIOMA | |
| Código de lengua del texto/banda sonora o título independiente | eng |
| 050 14 - SIGNATURA TOPOGRÁFICA DE LA BIBLIOTECA DEL CONGRESO | |
| Número de clasificación | LC111 |
| Número de documento/Ítem | S74 1966 |
| 100 1# - ASIENTO PRINCIPAL--NOMBRE PERSONAL | |
| Nombre de persona | Steinhilber, August W. |
| 9 (RLIN) | 50072 |
| 100 1# - ASIENTO PRINCIPAL--NOMBRE PERSONAL | |
| Nombre de persona | Sokolowski, Carl J. |
| 9 (RLIN) | 50073 |
| 245 10 - MENCIÓN DE TÍTULO | |
| Título | State law relating to transportation and texbooks for parochial school students and constitutional protection of religious freedom |
| 246 04 - FORMA VARIANTE DE TÍTULO | |
| Título propio/Titulo breve | State laws related to transportation and textbooks for parochial school students and constitutional protection or religious freedom |
| 260 ## - PUBLICACIÓN, DISTRIBUCIÓN, ETC. | |
| Lugar de publicación, distribución, etc. | Washigton, D.C. : |
| Nombre del editor, distribuidor, etc. | Departament of Health, Education and Welfare, |
| Fecha de publicación, distribución, etc. | 1966. |
| 300 ## - DESCRIPCIÓN FÍSICA | |
| Extensión | 45 páginas |
| 650 #4 - ASIENTO SECUNDARIO DE MATERIA - TERMINO TEMATICO | |
| Término de materia o nombre geográfico como elemento de entrada | Escuelas católicas |
| Subdivisión geográfica | Estados Unidos |
| 9 (RLIN) | 50070 |
| 650 #4 - ASIENTO SECUNDARIO DE MATERIA - TERMINO TEMATICO | |
| Término de materia o nombre geográfico como elemento de entrada | Escolares |
| Subdivisión general | Transporte |
| 9 (RLIN) | 21727 |
| 650 #4 - ASIENTO SECUNDARIO DE MATERIA - TERMINO TEMATICO | |
| Término de materia o nombre geográfico como elemento de entrada | Libros de texto |
| Subdivisión geográfica | Estados Unidos |
| 9 (RLIN) | 50068 |
| 650 #4 - ASIENTO SECUNDARIO DE MATERIA - TERMINO TEMATICO | |
| Término de materia o nombre geográfico como elemento de entrada | Iglesia y educación |
| Subdivisión geográfica | Estados Unidos |
| 9 (RLIN) | 50069 |
| 942 ## - ELEMENTOS DE PUNTO DE ACCESO ADICIONAL (KOHA) | |
| Fuente del sistema de clasificación o colocación | Library of Congress Classification |
| Tipo de ítem Koha | Folleto |
| Estado de retiro | Estado de pérdida | Fuente del sistema de clasificación o colocación | Estado dañado | No para préstamo | Código de colección | Localización permanente | Ubicación/localización actual | Ubicación en estantería | Fecha de adquisición | Clasificación | Código de barras | Fecha visto por última vez | Tipo de ítem Koha | Nota pública |
|---|---|---|---|---|---|---|---|---|---|---|---|---|---|---|
| Library of Congress Classification | Disponible (Préstamo en sala) | Folletería | Bib. Gregorio Torres Quintero | Bib. Gregorio Torres Quintero | Colecciones especiales Planta alta | 25/09/2023 | LC111 S74 1966 | 7186F | 31/12/2020 | Folleto | El ejemplar tiene sello del Instituto Nacional de Pedagogía |
